Eredivisie 2019 - 2020 - Statistics

General Stats
  • This quiz has been taken 55 times
  • The average score is 15 of 18
Answer Stats
Answer % Correct
Ajax
98%
Feyenoord
98%
PSV
96%
AZ
91%
Utrecht
91%
Sparta Rotterdam
87%
Twente
87%
ADO Den Haag
85%
Groningen
83%
Heerenveen
81%
Vitesse
79%
Heracles Almelo
74%
RKC Waalwijk
74%
Emmen
72%
Willem II
72%
PEC Zwolle
70%
Fortuna Sittard
68%
VVV-Venlo
68%
No matching quizzes found
Score Distribution
Percent of People with Each Score
Percentile by Number Answered
Your Score History
You have not taken this quiz